| 000 | 00464nam a2200181Ia 4500 | ||
|---|---|---|---|
| 003 | OSt | ||
| 005 | 20240517150339.0 | ||
| 008 | 210210b1953 xxu||||| |||| 00| 0 eng d | ||
| 040 | _cAL | ||
| 041 | _akan | ||
| 082 | _a859/1135 | ||
| 100 |
_aBASAVARAJA _9146313 _dಬಸವರಾಜ |
||
| 245 |
_aAntaragange _bಅಂತರಗಂಗೆ |
||
| 260 |
_aMumbai _bBharati Prakashana _c1953 |
||
| 690 |
_aKannada Fiction _9146314 |
||
| 906 | _a021880 | ||
| 942 |
_2ddc _cBK |
||
| 999 |
_c145986 _d145986 |
||